The baroque: principles styles modes themes
Guardat en:
| Autor principal: | |
|---|---|
| Format: | Llibre |
| Idioma: | anglès |
| Publicat: |
Greenwich
New York Graphic
1968
|
| Matèries: | |
| Etiquetes: |
Afegir etiqueta
Sense etiquetes, Sigues el primer a etiquetar aquest registre!
|
MARC
| LEADER | 00000nam a2200000 a 4500 | ||
|---|---|---|---|
| 001 | UCV9155 | ||
| 003 | CL-VaPUC | ||
| 008 | 920610e19680000US |||||||||||||||||eng|d | ||
| 082 | 0 | 4 | |a 709.032 |b BAZ |2 21 |
| 100 | 0 | |a Bazin, Germain |e author |9 303150 | |
| 245 | 1 | 4 | |a The baroque: principles styles modes themes |
| 300 | |a 368 p | ||
| 942 | |c BK | ||
| 945 | |d 19920610 00:00:00 | ||
| 260 | |a Greenwich |b New York Graphic |c 1968 | ||
| 650 | 0 | |a Arte barroco |9 265546 | |
| 650 | 0 | |a Obras ilustradas |9 265022 | |
| 650 | 0 | |a Arquitectura barroca |9 266043 | |
| 583 | |a last modification |c 19920610 00:00:00 |k Rodrigo Vera | ||
| 999 | |c 214535 |d 214533 | ||
| 952 | |0 0 |1 0 |4 0 |6 709_032000000000000_BAZ_1968 |7 0 |8 A |9 198001 |a BIBARQ |b BIBARQ |d 2019-11-14 |i 2656051 |l 1 |o 709.032 BAZ 1968 |p 2656051 |r 2025-01-20 |s 2022-08-12 |w 2019-11-14 |y BK |k ARQ | ||